Countries Settled by the Ancient Phoenicians - Statistics

General Stats
  • This quiz has been taken 293 times
  • The average score is 8 of 10
Answer Stats
Country % Correct
Italy
91%
Tunisia
90%
Algeria
88%
Libya
88%
Spain
88%
Israel
86%
Lebanon
86%
Morocco
82%
Syria
78%
Cyprus
71%
No matching quizzes found
Score Distribution
Percent of People with Each Score
Percentile by Number Answered
Your Score History
You have not taken this quiz